000 00480nam a2200181Ia 4500
005 20250326125745.0
008 250326s9999 xx 000 0 und d
037 _aTextbook
040 _aFMSL
_beng
_cFMSL
041 _aeng
_2eng
084 _aX:89U N7
_qFMSL
100 _aEngland W B
_9738004
245 0 _aPurchasing system
_cEngland W B
260 _aIllinois
_bIllinois, Irwin
_c1967
300 _a156p
942 _cTB
_hX:89U N7
999 _c1279430
_d1279430